| 000 | 00000nam 2200000zi 4500 |
| 001 | 9.893647 |
| 003 | CaOODSP |
| 005 | 20221107173515 |
| 006 | m o d f |
| 007 | cr |n||||||||| |
| 008 | 201117e195801##oncab o f000 0 eng d |
| 040 | |aCaOODSP|beng|erda|cCaOODSP |
| 043 | |ar------|an-cn-nu |
| 086 | 1 |aDR50-6/1958E-PDF |
| 245 | 00|aOperation Hazen : |bnarrative and preliminary reports for the 1957 season. |
| 264 | 1|aOttawa : |bDefence Research Board, Department of National Defence Canada, |cJanuary 1958. |
| 300 | |a1 online resource (iii, 57 pages) : |billustrations, maps |
| 336 | |atext|btxt|2rdacontent |
| 337 | |acomputer|bc|2rdamedia |
| 338 | |aonline resource|bcr|2rdacarrier |
| 520 | |a"Lake Hazen was discovered in 1882 by A.W. Greely on the American Expedition of the First International Polar Year. Greely travelled to the west end of Lake Hazen and beyond to Mount Arthur via Very River; he also visited Henrietta Nesmith Glacier on the north side of the lake. In 1883 J.B. Lockwood and D.L. Brainard reached Greely Fiord from the head of Archer Fiord"--Introduction and Airlift, page 1. |
| 650 | 0|aScientific expeditions|zArctic regions. |
| 650 | 0|aGeomorphology|zArctic regions. |
| 650 | 0|aScientific expeditions|zNunavut|zHazen, Lake. |
| 650 | 0|aGeomorphology|zNunavut|zHazen, Lake. |
| 650 | 6|aExpéditions scientifiques|zArctique. |
| 650 | 6|aGéomorphologie|zArctique. |
| 650 | 6|aExpéditions scientifiques|zNunavut|zHazen, Lac. |
| 650 | 6|aGéomorphologie|zNunavut|zHazen, Lac. |
| 710 | 1 |aCanada. |bDefence Research Board, |eissuing body. |
| 710 | 1 |aCanada. |bDepartment of National Defence, |eissuing body. |
| 856 | 40|qPDF|s6.73 MB|uhttps://publications.gc.ca/collections/collection_2021/mdn-dnd/DR50-6-1958-eng.pdf |